000 00594cam a22002053a 4500
001 44576
003 PGUSA
005 20140828084022.0
008 140103s2014||||xxu|||||s|||||000 | eng d
040 _aPGUSA
_beng
042 _adc
100 1 _aCooke, Grace MacGowan,
_d1863-1944
245 1 4 _aThe Girls of Silver Spur Ranch
_h[electronic resource] /
_cGrace MacGowan Cooke
260 _bProject Gutenberg,
_c2014
506 _aPublic domain in the USA.
516 _aElectronic text
830 0 _aProject Gutenberg
_v44576
856 4 0 _uhttp://www.gutenberg.org/ebooks/44576
942 _cEB
999 _c273827
_d273827